[Event "Rio de Janeiro-ch op"]
[Site "Rio de Janeiro"]
[Date "2011.07.17"]
[Round "6"]
[White "Dos Santos, Braulio"]
[Black "De Carvalho, Jose Jorge"]
[Result "1-0"]
[WhiteElo "2016"]
[BlackElo "2199"]
[PlyCount "61"]
[EventDate "2011.07.15"]
[EventType "swiss"]
[EventRounds "6"]
[EventCountry "BRA"]
[SourceTitle "CBM 143 Extra"]
[Source "ChessBase"]
[SourceDate "2011.08.29"]
[SourceVersion "1"]
[SourceVersionDate "2011.08.29"]
[SourceQuality "1"]

1. e4 e6 2. d3 d5 3. Nd2 c5 4. Ngf3 Nc6 5. g3 g6 6. Bg2 Bg7 7. 0-0 Nge7 8. Re1 0-0 9. e5 Qc7 10. Qe2 h6 11. h4 g5 12. hxg5 hxg5 13. Nxg5 Qxe5 14. Nde4 Nd4 15. Qd1 f6 16. Bf4 Qf5 17. Nd6 Qg6 18. Nxc8 Nxc8 19. Nxe6 Nb6 20. Nxf8 Bxf8 21. c3 Nc6 22. Bf3 Bh6 23. Bh5 Qg7 24. Bxh6 Qxh6 25. Kg2 Qg5 26. Qe2 Kg7 27. Rh1 d4 28. c4 Qe5 29. Qg4+ Qg5 30. Qe6 Rf8 31. f4 1-0

[Event "Rio de Janeiro-ch op"]
[Site "Rio de Janeiro"]
[Date "2011.07.15"]
[Round "2"]
[White "Dos Santos, Braulio"]
[Black "Dos Santos, Haroldo Cunha Jr"]
[Result "0-1"]
[WhiteElo "2016"]
[BlackElo "2224"]
[PlyCount "58"]
[EventDate "2011.07.15"]
[EventType "swiss"]
[EventRounds "6"]
[EventCountry "BRA"]
[SourceTitle "CBM 143 Extra"]
[Source "ChessBase"]
[SourceDate "2011.08.29"]
[SourceVersion "1"]
[SourceVersionDate "2011.08.29"]
[SourceQuality "1"]

1. Nc3 Nf6 2. d4 d5 3. Bg5 e6 4. e4 Be7 5. e5 Nfd7 6. h4 a6 7. Nf3 c5 8. dxc5 Nc6 9. Bf4 Nxc5 10. Ng5 h6 11. Nf3 d4 12. Nb1 b5 13. Nbd2 Qd5 14. Bd3 Bb7 15. Qe2 Nb4 16. 0-0 g5 17. Bh2 gxh4 18. a3 Nbxd3 19. cxd3 Rg8 20. Bf4 0-0-0 21. b4 Na4 22. Ne4 Nc3 23. Qc2 Kb8 24. Ne1 Rg4 25. Bh2 Nxe4 26. f3 Ng3 27. fxg4 Nxf1 28. Kxf1 h3 29. Qf2 hxg2+ 0-1

[Event "Rio de Janeiro zt 2.4"]
[Site "Rio de Janeiro"]
[Date "2011.06.26"]
[Round "9"]
[White "Dos Santos, Braulio"]
[Black "Cuellar, Ulises"]
[Result "1-0"]
[WhiteElo "2016"]
[BlackElo "1994"]
[PlyCount "81"]
[EventDate "2011.06.18"]
[EventType "swiss"]
[EventRounds "9"]
[EventCountry "BRA"]
[SourceTitle "CBM 143 Extra"]
[Source "ChessBase"]
[SourceDate "2011.08.29"]
[SourceVersion "1"]
[SourceVersionDate "2011.08.29"]
[SourceQuality "1"]

1. e4 e5 2. Nf3 Nc6 3. Bc4 Bc5 4. b4 Bxb4 5. c3 Be7 6. d4 Na5 7. Be2 exd4 8. Qxd4 d6 9. Qxg7 Bf6 10. Qg3 Qe7 11. 0-0 Bd7 12. e5 dxe5 13. Ba3 Qe6 14. Ng5 Qf5 15. Bc1 Bxg5 16. Bxg5 f6 17. Bh5+ Kd8 18. Rd1 fxg5 19. Bg4 Qf4 20. Qh3 Nf6 21. Bxd7 g4 22. Qd3 Ke7 23. Qb5 Rad8 24. g3 Qc4 25. Qxa5 Nxd7 26. Nd2 Qc5 27. Qa4 Nf6 28. Ne4 b5 29. Qc2 Qc6 30. Re1 Rhf8 31. Ng5 Rd5 32. Rad1 Kd8 33. Rxe5 Rxd1+ 34. Qxd1+ Kc8 35. Ne6 Re8 36. Nd4 Qd7 37. Rxb5 Ne4 38. Qa4 Nxc3 39. Rb8+ Kxb8 40. Qxd7 Re1+ 41. Kg2 1-0

[Event "Rio de Janeiro zt 2.4"]
[Site "Rio de Janeiro"]
[Date "2011.06.23"]
[Round "5"]
[White "Cuellar, Diego"]
[Black "Dos Santos, Braulio"]
[Result "1-0"]
[WhiteElo "2124"]
[BlackElo "2016"]
[PlyCount "63"]
[EventDate "2011.06.18"]
[EventType "swiss"]
[EventRounds "9"]
[EventCountry "BRA"]
[SourceTitle "CBM 143 Extra"]
[Source "ChessBase"]
[SourceDate "2011.08.29"]
[SourceVersion "1"]
[SourceVersionDate "2011.08.29"]
[SourceQuality "1"]

1. e4 e5 2. Nf3 Nc6 3. d4 exd4 4. Nxd4 Qh4 5. Nb5 Bc5 6. Qf3 Nd4 7. Nxd4 Bxd4 8. c3 Be5 9. g3 Qe7 10. Bg2 c6 11. Qe2 Bc7 12. b3 d6 13. 0-0 Be6 14. Rd1 0-0-0 15. Ba3 Qe8 16. c4 Ne7 17. Nc3 Kb8 18. Rd3 Nc8 19. Rad1 f6 20. Qe3 h5 21. c5 dxc5 22. Rxd8 Bxd8 23. e5 h4 24. exf6 Bxf6 25. Ne4 hxg3 26. hxg3 Qh5 27. Bf3 Qh6 28. Qxh6 Rxh6 29. Bc1 Rh8 30. Nxc5 Bf5 31. g4 Bc2 32. Rd7 1-0

[Event "Rio de Janeiro zt 2.4"]
[Site "Rio de Janeiro"]
[Date "2011.06.18"]
[Round "1"]
[White "Aranha Filho, Alvaro Zimmermann"]
[Black "Dos Santos, Braulio"]
[Result "1-0"]
[WhiteElo "2302"]
[BlackElo "2016"]
[PlyCount "51"]
[EventDate "2011.06.18"]
[EventType "swiss"]
[EventRounds "9"]
[EventCountry "BRA"]
[SourceTitle "CBM 143 Extra"]
[Source "ChessBase"]
[SourceDate "2011.08.29"]
[SourceVersion "1"]
[SourceVersionDate "2011.08.29"]
[SourceQuality "1"]

1. d4 Nf6 2. Nf3 c5 3. c3 e6 4. Bg5 Nc6 5. e3 b6 6. Bd3 Be7 7. Nbd2 Bb7 8. Qe2 d6 9. e4 e5 10. dxe5 dxe5 11. Nc4 Qc7 12. Ne3 0-0-0 13. Bxf6 Bxf6 14. Nd5 Qd7 15. Ba6 Bxa6 16. Qxa6+ Qb7 17. Qb5 Ne7 18. c4 Nc6 19. 0-0 Rd6 20. a3 Nd4 21. Nxd4 exd4 22. b4 a6 23. Qa4 Rxd5 24. exd5 Be7 25. Rfe1 Bd6 26. Re8+ 1-0

[Event "Rio de Janeiro IRT Alex 35th"]
[Site "Rio de Janeiro"]
[Date "2009.12.17"]
[Round "2"]
[White "Rabello, David Sousa"]
[Black "Dos Santos, Braulio"]
[Result "1/2-1/2"]
[WhiteElo "1976"]
[BlackElo "2040"]
[PlyCount "57"]
[EventDate "2009.12.16"]
[EventType "swiss"]
[EventRounds "6"]
[EventCountry "BRA"]
[SourceTitle "CBM 133 Extra"]
[Source "ChessBase"]
[SourceDate "2010.01.05"]
[SourceVersion "1"]
[SourceVersionDate "2010.01.05"]
[SourceQuality "1"]

1. e4 e5 2. Bc4 Nf6 3. Nf3 Nc6 4. Ng5 d5 5. exd5 Na5 6. Bb5+ c6 7. dxc6 bxc6 8. Qf3 Rb8 9. Be2 Be7 10. b3 0-0 11. Bb2 Bg4 12. Qe3 Bxe2 13. Qxe2 Nd5 14. Ne4 Nf4 15. Qf3 f5 16. Ng3 Bf6 17. Nc3 Nc4 18. 0-0-0 Nxb2 19. Kxb2 c5 20. Nge2 Nxe2 21. Qxe2 Qd4 22. Qf3 Kh8 23. Qe3 Qd6 24. g4 fxg4 25. Ne4 Qd4+ 26. Qxd4 cxd4 27. d3 Be7 28. Rdg1 Rf4 29. h3 1/2-1/2

[Event "Rio de Janeiro IRT Alex 35th"]
[Site "Rio de Janeiro"]
[Date "2009.12.16"]
[Round "1"]
[White "Dos Santos, Braulio"]
[Black "Guimaraes, Wagner Peixoto"]
[Result "0-1"]
[WhiteElo "2040"]
[BlackElo "2265"]
[PlyCount "80"]
[EventDate "2009.12.16"]
[EventType "swiss"]
[EventRounds "6"]
[EventCountry "BRA"]
[SourceTitle "CBM 133 Extra"]
[Source "ChessBase"]
[SourceDate "2010.01.05"]
[SourceVersion "1"]
[SourceVersionDate "2010.01.05"]
[SourceQuality "1"]

1. e4 e6 2. d3 d5 3. Nd2 Nf6 4. g3 dxe4 5. dxe4 b6 6. Bg2 Bb7 7. Qe2 Nc6 8. Ngf3 Nb4 9. Qc4 Ba6 10. Qb3 Nd7 11. Bf1 Bxf1 12. Kxf1 Qc8 13. Qa4 Qb7 14. a3 Nc6 15. Kg2 a5 16. Nd4 Nxd4 17. Qxd4 0-0-0 18. Qe3 f5 19. f3 Bc5 20. Qe2 g5 21. Qc4 g4 22. Rf1 Rhe8 23. Nb3 Ne5 24. Nxc5 gxf3+ 25. Rxf3 bxc5 26. Qe2 Nxf3 27. Qxf3 fxe4 28. Qe2 Rf8 29. Be3 Rf3 30. b4 c4 31. bxa5 Qb5 32. a6 Qxa6 33. Rb1 Qc6 34. Rb4 Rdf8 35. Bf4 Rc3 36. Qg4 Rxc2+ 37. Kh3 e3 38. Qg7 Qg2+ 39. Kg4 Qe2+ 40. Kg5 Rf5+ 0-1

[Event "Rio de Janeiro Andrade op"]
[Site "Rio de Janeiro"]
[Date "2008.05.13"]
[Round "5"]
[White "Maia, Marco Aurelio Ferre"]
[Black "Dos Santos, Braulio"]
[Result "0-1"]
[WhiteElo "2119"]
[BlackElo "2044"]
[PlyCount "85"]
[EventDate "2008.04.22"]
[EventType "swiss"]
[EventRounds "7"]
[EventCountry "BRA"]
[SourceTitle "EXT 2009"]
[Source "ChessBase"]
[SourceDate "2008.11.26"]
[SourceVersion "1"]
[SourceVersionDate "2008.11.26"]
[SourceQuality "1"]

1. d4 d5 2. Nf3 Nc6 3. Bf4 Bg4 4. Nbd2 f6 5. h3 Bh5 6. g4 Bg6 7. c3 Qd7 8. Bg2 0-0-0 9. b4 h5 10. b5 Nb8 11. Nh4 Be8 12. Nf5 hxg4 13. hxg4 Rxh1+ 14. Bxh1 e6 15. Ne3 g5 16. Bg3 Qh7 17. Bg2 Bd6 18. Bxd6 Rxd6 19. a4 Ne7 20. Nf3 Ng6 21. Qc2 Qe7 22. Qd2 Nf4 23. Bf1 Rd8 24. Nc2 e5 25. e3 Ng6 26. Nb4 e4 27. Ng1 Bf7 28. a5 Rd6 29. b6 cxb6 30. a6 Kd8 31. Qa2 Ke8 32. axb7 a5 33. Bb5+ Kf8 34. Na6 Qxb7 35. Qa3 Ke7 36. Nxb8 Qxb8 37. Ne2 Nh4 38. Ng3 Qc8 39. Be2 Be6 40. c4 Bxg4 41. cxd5 Bxe2 42. Nxe4 Ng2+ 43. Kd2 0-1

[Event "Rio de Janeiro Andrade op"]
[Site "Rio de Janeiro"]
[Date "2008.05.04"]
[Round "3"]
[White "Dos Santos, Braulio"]
[Black "Mascarenhas, Alberto Pinheiro"]
[Result "0-1"]
[WhiteElo "2044"]
[BlackElo "2263"]
[PlyCount "67"]
[EventDate "2008.04.22"]
[EventType "swiss"]
[EventRounds "7"]
[EventCountry "BRA"]
[SourceTitle "EXT 2009"]
[Source "ChessBase"]
[SourceDate "2008.11.26"]
[SourceVersion "1"]
[SourceVersionDate "2008.11.26"]
[SourceQuality "1"]

1. e4 c6 2. d4 d5 3. Nc3 g6 4. Bf4 dxe4 5. Qd2 Bg7 6. 0-0-0 Bg4 7. f3 exf3 8. Nxf3 Bxf3 9. gxf3 e6 10. Ne4 Bf8 11. h4 h5 12. Bc4 Nf6 13. Be5 Nxe4 14. fxe4 Bh6 15. Bf4 Bg7 16. e5 Nd7 17. Bg5 Qc7 18. Qb4 Nb6 19. Be2 Bh6 20. Bxh6 Rxh6 21. c4 0-0-0 22. Rh3 Kb8 23. Rb3 Nc8 24. c5 Ka8 25. Ra3 Rhh8 26. Qa4 Rd7 27. Bf3 Rhd8 28. Be2 b5 29. cxb6 Nxb6 30. Qb4 Nd5 31. Qa4 Rb8 32. Rd2 Rb4 33. Qa6 Qb7 34. Rc2 0-1

[Event "Rio de Janeiro Andrade op"]
[Site "Rio de Janeiro"]
[Date "2008.04.26"]
[Round "2"]
[White "Rios Filho, Hilton Carlos da Si"]
[Black "Dos Santos, Braulio"]
[Result "1/2-1/2"]
[WhiteElo "2222"]
[BlackElo "2044"]
[PlyCount "77"]
[EventDate "2008.04.22"]
[EventType "swiss"]
[EventRounds "7"]
[EventCountry "BRA"]
[SourceTitle "EXT 2009"]
[Source "ChessBase"]
[SourceDate "2008.11.26"]
[SourceVersion "1"]
[SourceVersionDate "2008.11.26"]
[SourceQuality "1"]

1. d4 Nf6 2. c4 e6 3. g3 c5 4. d5 exd5 5. cxd5 d6 6. Nc3 g6 7. Bg2 Bg7 8. Nf3 Qa5 9. Bf4 0-0 10. Nd2 b5 11. Bxd6 Bb7 12. Nb3 Qd8 13. Bxc5 Re8 14. Nxb5 Nxd5 15. Nd6 Ne3 16. Bxe3 Bxg2 17. Nxe8 Qxe8 18. Rg1 Be4 19. Qd2 Nc6 20. f3 Rd8 21. Qc1 Bxf3 22. Kf2 Ne5 23. Rd1 Rc8 24. exf3 Rxc1 25. Raxc1 h6 26. Rc7 Qb5 27. Rd8+ Kh7 28. Bd4 Nd3+ 29. Ke3 Bxd4+ 30. Nxd4 Qe5+ 31. Kxd3 Qxc7 32. Rd5 Kg7 33. b3 Qc1 34. Ra5 a6 35. a4 Qe1 36. Rc5 Qf1+ 37. Ke4 Qf2 38. Rc2 Qe1+ 39. Kd5 1/2-1/2

[Event "Rio de Janeiro Lendas"]
[Site "Rio de Janeiro"]
[Date "2007.10.13"]
[Round "3"]
[White "Dos Santos, Braulio"]
[Black "Mathow, Hermann Mateo"]
[Result "1-0"]
[WhiteElo "2031"]
[BlackElo "2003"]
[PlyCount "43"]
[EventDate "2007.10.12"]
[EventType "tourn"]
[EventRounds "11"]
[EventCountry "BRA"]
[SourceTitle "EXT 2008"]
[Source "ChessBase"]
[SourceDate "2007.11.25"]
[SourceVersion "1"]
[SourceVersionDate "2007.11.25"]
[SourceQuality "1"]

1. e4 g6 2. Nf3 Bg7 3. Bc4 c5 4. d4 cxd4 5. c3 dxc3 6. Nxc3 Nc6 7. e5 Nxe5 8. Nxe5 Bxe5 9. Bxf7+ Kxf7 10. Qd5+ e6 11. Qxe5 Qf6 12. Qc7 Ne7 13. Bf4 Re8 14. Ne4 Qxb2 15. Nd6+ Kg8 16. 0-0 Nd5 17. Qc4 Rf8 18. Bh6 Rxf2 19. Rxf2 Qxa1+ 20. Rf1 Ne3 21. Rxa1 Nxc4 22. Nxc4 1-0

[Event "Rio de Janeiro Masters"]
[Site "Rio de Janeiro"]
[Date "2007.06.03"]
[Round "6"]
[White "Dos Santos, Braulio"]
[Black "Fucs, Paulo Moses"]
[Result "0-1"]
[WhiteElo "2029"]
[BlackElo "2152"]
[PlyCount "106"]
[EventDate "2007.05.26"]
[EventType "swiss"]
[EventRounds "7"]
[EventCountry "BRA"]
[SourceTitle "EXT 2008"]
[Source "ChessBase"]
[SourceDate "2007.11.25"]
[SourceVersion "1"]
[SourceVersionDate "2007.11.25"]
[SourceQuality "1"]

1. e4 e5 2. f4 d6 3. Nf3 Nc6 4. Bb5 Bg4 5. h3 Bd7 6. 0-0 Nf6 7. d3 Be7 8. Bxc6 Bxc6 9. c3 exf4 10. Bxf4 0-0 11. Nd4 Bd7 12. Bg5 c5 13. Nf5 Bxf5 14. Rxf5 Nd7 15. Bxe7 Qxe7 16. Qg4 Ne5 17. Qg3 Rae8 18. Nd2 f6 19. Raf1 Kh8 20. c4 a6 21. Nb1 b5 22. cxb5 axb5 23. Nc3 c4 24. Nd5 Qa7+ 25. Kh2 cxd3 26. Qf4 Qd4 27. Rh5 Ng6 28. Qxd6 Qxe4 29. Nc3 Qe6 30. Qxd3 f5 31. Rhxf5 Rxf5 32. Qxf5 Qd6+ 33. Kh1 b4 34. Ne4 Qe6 35. Ng5 Qxf5 36. Rxf5 h6 37. Nf7+ Kg8 38. Rb5 Kxf7 39. Rxb4 Re1+ 40. Kh2 Ra1 41. a3 Ra2 42. a4 Ne5 43. Rb5 Ke6 44. a5 Kd6 45. b4 h5 46. Rb6+ Kd5 47. Kg3 g5 48. h4 Ra3+ 49. Kf2 Nd3+ 50. Ke2 Nf4+ 51. Kf2 g4 52. a6 g3+ 53. Ke1 Nxg2+ 0-1

[Event "Rio de Janeiro Masters"]
[Site "Rio de Janeiro"]
[Date "2007.05.27"]
[Round "3"]
[White "Di Berardino, Diego Rafael"]
[Black "Dos Santos, Braulio"]
[Result "1-0"]
[WhiteElo "2422"]
[BlackElo "2029"]
[PlyCount "51"]
[EventDate "2007.05.26"]
[EventType "swiss"]
[EventRounds "7"]
[EventCountry "BRA"]
[SourceTitle "EXT 2008"]
[Source "ChessBase"]
[SourceDate "2007.11.25"]
[SourceVersion "1"]
[SourceVersionDate "2007.11.25"]
[SourceQuality "1"]

1. e4 e5 2. Nf3 Nc6 3. Bb5 f5 4. Bxc6 dxc6 5. Nc3 Bd6 6. d4 Qe7 7. 0-0 fxe4 8. Nxe4 Bg4 9. Bg5 Nf6 10. h3 Bxf3 11. Qxf3 0-0 12. Bxf6 gxf6 13. Ng3 f5 14. dxe5 Qxe5 15. Qb3+ Kh8 16. Rfe1 Qg7 17. Rad1 Rg8 18. Qf3 Raf8 19. Nh5 Qxb2 20. Qd3 Rg6 21. Rb1 Qxa2 22. Qc3+ Kg8 23. Rb3 Rf7 24. Ra1 Be5 25. Qxe5 Qxc2 26. Rxb7 1-0